|
|
|
|
| LEADER |
01119nam a2200289 a 4500 |
| 001 |
3013082 |
| 008 |
100106s1994 cau b 001 0 eng d |
| 010 |
|
|
|a 94004487
|
| 020 |
|
|
|a 0803949057
|
| 020 |
|
|
|a 0803949065 (pbk.)
|
| 040 |
|
|
|a DLC
|c DLC
|d DLC
|d BD-DhAAL
|
| 082 |
0 |
0 |
|a 305.42
|2 20
|
| 245 |
0 |
0 |
|a Women in grassroots communication :
|b furthering social change /
|c edited by Pilar Riaño.
|
| 260 |
|
|
|a Thousand Oaks :
|b Sage Publications,
|c c1994.
|
| 300 |
|
|
|a xvii, 315 p. ;
|c 23 cm.
|
| 490 |
1 |
|
|a Communication and human values
|
| 504 |
|
|
|a Includes bibliographical references (p. 287-300) and index.
|
| 541 |
1 |
|
|e 00005589
|
| 650 |
|
0 |
|a Women in development.
|
| 650 |
|
0 |
|a Communication in community development.
|
| 650 |
|
0 |
|a Women in communication.
|
| 650 |
|
0 |
|a Women
|x Communication.
|
| 650 |
|
0 |
|a Social change.
|
| 700 |
1 |
|
|a Riaño Alcalá, Pilar.
|
| 852 |
4 |
|
|a Ayesha Abed Library
|j General shelf
|
| 999 |
|
|
|c 6739
|d 6739
|
| 952 |
|
|
|0 0
|1 0
|2 ddc
|4 0
|6 305_420000000000000_WOM_1994
|7 0
|9 6919
|a BRACUL
|b BRACUL
|c GEN
|d 2010-01-06
|g 0.00
|l 0
|o 305.42 WOM
|p 3010005589
|r 2010-01-06
|t 1
|w 2010-01-06
|y BK
|z Not price in Register
|